Choix... - Statistiques

Statistiques générales
  • Ce quiz a été pris 92 fois
  • Le résultat moyen est 8 sur 15
Statistiques - réponses
Question Réponse % Correct
Brun ou roux ? Brun
85%
Blond ou roux ? Blond
79%
Chaud ou froid ? Chaud
77%
Petit ou grand ? Grand
74%
Bleu ou rouge ? Bleu
69%
Droite ou gauche ? Droite
67%
Mer ou montagne ? Mer
64%
Noir ou blanc ? Blanc
56%
Thé ou café ? Café
55%
Un ou deux ? Deux
55%
Chien ou chat ? Chat
53%
Brun ou blond ? Blond
35%
Haut ou bas ? Bas
26%
Or ou argent ? Argent
24%
Paradis ou Enfers ? Enfers
14%
Aucun quiz correspondant
Distribution des résultats
% des personnes avec chaque résultat
Percentile par nombre de réponses
Votre historique - résultats
Vous n’avez pas pris ce quiz